000 00831nam a2200241 a 4500
001 000003617
005 20240514073716.0
008 090711s1999 dr ac r 000 0 spa d
040 _aDO-SdBNP
_bspa
_cBNPHU
082 _a101
_bG633f, 1999
100 1 _aGómez, Félix,
_d1951-
_911119
245 1 0 _aFilosofía, ética y moral /
_cFélix Gómez ; prólogo Nora Nivar vda. Fernández.
250 _a3a ed.
260 _aSanto Domingo :
_bCentenario,
_c1999.
300 _a215 p. :
_bil., retrs. ;
_c21 cm.
500 _aIncluye datos biográficos del autor en la contracubierta.
504 _aBibliografía : p. 213-215
590 _aInventariado, 2018 /LP
650 4 _aFilosofía
_xHistoria
_9528
650 0 _aÉtica
_9509
700 1 2 _aNivar vda. Fernández, Nora,
_epról.
_911120
910 _aValidado. Control de calidad MFF
999 _c3440
_d3440